<?xml version="1.0" encoding="UTF-8"?>
<collection xmlns="http://www.loc.gov/MARC21/slim">
  <record>
    <leader>00000nam  2200000   4500</leader>
    <controlfield tag="001">INLIS000000000018602</controlfield>
    <controlfield tag="005">20241129104641</controlfield>
    <datafield tag="035" ind1="#" ind2="#">
      <subfield code="a">0010-1124000268</subfield>
    </datafield>
    <controlfield tag="007">ta</controlfield>
    <controlfield tag="008">241129###########################0######</controlfield>
    <datafield tag="245" ind1="#" ind2="#">
      <subfield code="a">PANDAVIT LMS :</subfield>
      <subfield code="b">Buku Panduan dan Video Tutorial LMS /</subfield>
      <subfield code="c">Gracia Gabriella Gampu, M.Pd</subfield>
    </datafield>
    <datafield tag="260" ind1="#" ind2="#">
      <subfield code="a">Makassar :</subfield>
      <subfield code="b">Puslatbang KMP RI LAN Makassar,</subfield>
      <subfield code="c">2024</subfield>
    </datafield>
    <datafield tag="300" ind1="#" ind2="#">
      <subfield code="a">39 ;</subfield>
      <subfield code="c">30</subfield>
    </datafield>
    <datafield tag="650" ind1="#" ind2="4">
      <subfield code="a">Meningkatkan pemahaman dosen prodi PGSD tentang penggunaan LMS</subfield>
    </datafield>
    <datafield tag="700" ind1=" " ind2="#">
      <subfield code="a">Dr. Widdy H.F. Rorimpandey, STP., M.Pd. (Mentor)</subfield>
    </datafield>
    <datafield tag="700" ind1=" " ind2="#">
      <subfield code="a">Fajar Lingga Prasetya, S.AB (Coach)</subfield>
    </datafield>
    <datafield tag="520" ind1="#" ind2="#">
      <subfield code="a">Pelaksanaan Aktualisasi ini mengangkat isu belum optimalnya penggunaan LMS oleh Dosen dengan Gagasan Kreatif Optimalisasi Penggunaan LMS oleh Dosen melalui Buku Panduan dan Video Tutorial. Aktualisasi ini bertujuan untuk meningkatkan pemahaman Dosen Prodi PGSD tentang Penggunaan LMS.&#13;
&#13;
Dalam pelaksanaan Aktualisasi ini terdapat 6 kegiatan kreatif yang dilakukan yaitu kegiatan pertama Mengumpulkan informasi terkait dengan penyusunan buku panduan penggunaan LMS, Kegiatan kedua Menyusun Draf Buku Panduan Penggunaan LMS, Kegiatan ketiga Melakukan Pengembangan Dan Mendesain Buku Panduan Penggunaan LMS, Kegiatan keempat Membuat Video Tutorial Penggunaan LMS, Kegiatan kelima Melakukan Pelatihan Penggunaan LMS Kepada Dosen, Kegiatankeenam membuat Mencetak Buku Panduan dan Pembuatan Infografis.&#13;
&#13;
Ke enam kegiatan tersebut di kaitkan dengan Manajemen ASN dan juga SMART ASN dalam pelaksanaannya, Kegiatan tersebut juga dikaitkan dengan Visi dan Misi Program Studi PGSD yang dimana adalah tempat aktualisasi dilaksanakan.&#13;
&#13;
Pelaksanaan aktualisasi ini saya melakukan Habituasi dengan menerapkan nilai dasar BERAKHLAK dengan jumlah keseluruhan Nilai Dasar BERAKHLAK adalah 175.</subfield>
    </datafield>
    <datafield tag="856" ind1="#" ind2="#">
      <subfield code="a">PUSLATBANG KMP LAN RI Makassar</subfield>
    </datafield>
  </record>
</collection>
